[Event "Portuguese Masters"]
[Site "Aveiro"]
[Date "2023.12.18"]
[Round "4"]
[White "Reis, Luis Sousa"]
[Black "Ribeiro, Fernando"]
[Result "0-1"]
[WhiteElo "2157"]
[BlackElo "2186"]
[PlyCount "78"]
[EventDate "2023.12.16"]
[EventType "tourn"]
[EventRounds "9"]
[EventCountry "POR"]
[SourceTitle "CB52_2023"]
[SourceDate "2023.12.27"]
[SourceVersion "1"]
[SourceVersionDate "2023.12.27"]
[SourceQuality "1"]

1. d4 e6 2. Nf3 Nf6 3. c4 d6 4. Nc3 Nbd7 5. e4 e5 6. d5 Nc5 7. Bd3 Nxd3+ 8. Qxd3 Be7 9. h3 0-0 10. g4 c6 11. Be3 cxd5 12. cxd5 a6 13. 0-0-0 b5 14. Kb1 Nd7 15. Ne2 a5 16. Ng3 Ba6 17. Nf5 b4 18. Qd2 Re8 19. g5 Bf8 20. h4 Nc5 21. Bxc5 dxc5 22. h5 g6 23. hxg6 fxg6 24. Nh6+ Bxh6 25. Rxh6 Ra7 26. Nh2 Bc8 27. Rc1 Qd6 28. Nf1 Rf7 29. Qe3 Ref8 30. Rh2 Ba6 31. Nd2 Rc8 32. Nb3 a4 33. Nd2 c4 34. Rh3 Rfc7 35. Nf3 c3 36. Rhh1 cxb2 37. Rxc7 Qxc7 38. Kxb2 Qc2+ 39. Ka1 b3 0-1

[Event "Portuguese Masters"]
[Site "Aveiro"]
[Date "2023.12.17"]
[Round "2"]
[White "Reis, Luis Sousa"]
[Black "Goncalves, Samuel Jesus P"]
[Result "0-1"]
[WhiteElo "2157"]
[BlackElo "2165"]
[PlyCount "58"]
[EventDate "2023.12.16"]
[EventType "tourn"]
[EventRounds "9"]
[EventCountry "POR"]
[SourceTitle "CB52_2023"]
[SourceDate "2023.12.27"]
[SourceVersion "1"]
[SourceVersionDate "2023.12.27"]
[SourceQuality "1"]

1. e4 c6 2. c4 d5 3. exd5 cxd5 4. d4 Nf6 5. Nc3 Nc6 6. Nf3 Bg4 7. cxd5 Nxd5 8. Qb3 Bxf3 9. gxf3 e6 10. Qxb7 Nxd4 11. Bb5+ Nxb5 12. Qc6+ Ke7 13. Qc5+ Nd6 14. Nxd5+ exd5 15. Qxd5 Rb8 16. Bf4 Kd7 17. 0-0-0 Qf6 18. Rd4 Be7 19. Re1 Rhc8+ 20. Kb1 Rc6 21. a4 Rbb6 22. Ka2 Rc2 23. Bc1 Rbc6 24. Rdd1 R2c5 25. Qb3 Rb6 26. Qa3 Re5 27. Be3 Qe6+ 28. b3 f5 29. Qc1 Qxb3+ 0-1

[Event "Portuguese Masters"]
[Site "Aveiro"]
[Date "2023.12.16"]
[Round "1"]
[White "Martins, Bruno Andre Leite"]
[Black "Reis, Luis Sousa"]
[Result "0-1"]
[WhiteElo "2334"]
[BlackElo "2157"]
[PlyCount "109"]
[EventDate "2023.12.16"]
[EventType "tourn"]
[EventRounds "9"]
[EventCountry "POR"]
[SourceTitle "CB52_2023"]
[SourceDate "2023.12.27"]
[SourceVersion "1"]
[SourceVersionDate "2023.12.27"]
[SourceQuality "1"]

1. e4 Nc6 2. Nf3 e5 3. d4 exd4 4. Nxd4 Bc5 5. Nxc6 Qf6 6. Qf3 bxc6 7. Nd2 d6 8. Nb3 Bb6 9. a4 a5 10. Bd2 Qxf3 11. gxf3 Ne7 12. Be3 Bxe3 13. fxe3 0-0 14. 0-0-0 f5 15. e5 dxe5 16. Bc4+ Kh8 17. Nc5 f4 18. e4 Bh3 19. Nd7 Bg2 20. Nxf8 Bxh1 21. Rxh1 Rxf8 22. Rd1 Nc8 23. Rd3 Nd6 24. Ba2 g5 25. Be6 h5 26. h3 Kg7 27. Rc3 Kf6 28. Bd7 Ke7 29. Bxc6 g4 30. hxg4 hxg4 31. Kd1 g3 32. Ke2 Rh8 33. Kf1 Rh1+ 34. Kg2 Rb1 35. Rc5 Nf7 36. Bd5 Nh8 37. Rxc7+ Kf6 38. Rh7 Ng6 39. Rh5 Rxb2 40. Bb3 Rb1 41. Bd5 Ra1 42. c4 Ra2+ 43. Kg1 Rxa4 44. c5 Ra1+ 45. Kg2 Rc1 46. c6 a4 47. Rf5+ Kg7 48. Rf7+ Kh6 49. Rf6 Kg7 50. Rf7+ Kh8 51. c7 Nh4+ 52. Kh3 g2 53. Rf8+ Kh7 54. Kxh4 Rxc7 55. Rf5 0-1

[Event "Portuguese Masters"]
[Site "Lisbon"]
[Date "2022.12.18"]
[Round "4"]
[White "Reis, Luis Sousa"]
[Black "Silva, Goncalo Nuno Neto"]
[Result "1-0"]
[WhiteElo "2143"]
[BlackElo "2171"]
[PlyCount "57"]
[EventDate "2022.12.16"]
[EventType "tourn"]
[EventRounds "9"]
[EventCountry "POR"]
[SourceTitle "CBM 211 Extra"]
[Source "ChessBase"]
[SourceDate "2023.01.31"]
[SourceVersion "1"]
[SourceVersionDate "2023.01.31"]
[SourceQuality "1"]

1. e4 c5 2. Nf3 Nc6 3. Bb5 g6 4. 0-0 Bg7 5. Bxc6 dxc6 6. d3 Nf6 7. a4 Nd7 8. Na3 Nf8 9. Nc4 Ne6 10. a5 0-0 11. Re1 Qc7 12. Bd2 Bd7 13. Qc1 b5 14. Na3 Rfd8 15. Nb1 Nd4 16. Bf4 Nxf3+ 17. gxf3 e5 18. Bg5 Re8 19. Be3 Qd6 20. f4 exf4 21. Bxf4 Qf6 22. Nc3 Bg4 23. Qe3 Qh4 24. Qg3 Qh5 25. Kg2 Rad8 26. f3 Be6 27. Bg5 Rd7 28. Qh4 Bh3+ 29. Kxh3 1-0

[Event "Portuguese Masters"]
[Site "Lisbon"]
[Date "2022.12.17"]
[Round "2"]
[White "Veiga, Jose Francisco RP"]
[Black "Reis, Luis Sousa"]
[Result "1-0"]
[WhiteElo "2393"]
[BlackElo "2143"]
[PlyCount "29"]
[EventDate "2022.12.16"]
[EventType "tourn"]
[EventRounds "9"]
[EventCountry "POR"]
[SourceTitle "CBM 211 Extra"]
[Source "ChessBase"]
[SourceDate "2023.01.31"]
[SourceVersion "1"]
[SourceVersionDate "2023.01.31"]
[SourceQuality "1"]

1. Nf3 d5 2. d4 c5 3. e3 Nc6 4. Be2 Bg4 5. Nbd2 c4 6. c3 Nf6 7. e4 e6 8. e5 Nd7 9. Nf1 Be7 10. Ng3 g6 11. Bh6 b5 12. Qd2 b4 13. Ng5 Bf5 14. Nxf5 gxf5 15. Nxe6 1-0

[Event "Portuguese Masters"]
[Site "Fatima"]
[Date "2021.04.08"]
[Round "3"]
[White "Silva, Pedro Gil Ferreira"]
[Black "Reis, Luis Sousa"]
[Result "0-1"]
[WhiteElo "2167"]
[BlackElo "2157"]
[PlyCount "46"]
[EventDate "2021.04.06"]
[EventType "tourn"]
[EventRounds "9"]
[EventCountry "POR"]
[EventCategory "1"]
[SourceTitle "CBM 201 Extra"]
[Source "ChessBase"]
[SourceDate "2021.05.31"]
[SourceVersion "1"]
[SourceVersionDate "2021.05.31"]
[SourceQuality "1"]

1. e4 d5 2. exd5 Nf6 3. d4 Bg4 4. f3 Bf5 5. g4 Bg6 6. c4 e6 7. dxe6 Nxg4 8. fxg4 Qh4+ 9. Ke2 Nc6 10. Nf3 Qxg4 11. Rg1 Qxe6+ 12. Kf2 0-0-0 13. Be3 Bc5 14. Qe2 Nxd4 15. Bxd4 Bxd4+ 16. Nxd4 Qb6 17. Bh3+ Kb8 18. Rd1 Rhe8 19. Qd2 Re4 20. Nc3 Rdxd4 21. c5 Qxc5 22. Nxe4 Rxd2+ 23. Kf1 Qc4+ 0-1

[Event "Portuguese Masters"]
[Site "Fatima"]
[Date "2021.04.06"]
[Round "1"]
[White "Reis, Luis Sousa"]
[Black "Silva, Goncalo Nuno Neto"]
[Result "0-1"]
[WhiteElo "2157"]
[BlackElo "2160"]
[PlyCount "120"]
[EventDate "2021.04.06"]
[EventType "tourn"]
[EventRounds "9"]
[EventCountry "POR"]
[EventCategory "1"]
[SourceTitle "CBM 201 Extra"]
[Source "ChessBase"]
[SourceDate "2021.05.31"]
[SourceVersion "1"]
[SourceVersionDate "2021.05.31"]
[SourceQuality "1"]

1. d4 e6 2. c4 Nf6 3. Nc3 d5 4. Bg5 Be7 5. e3 0-0 6. Nf3 Nbd7 7. Qc2 h6 8. Bf4 dxc4 9. Bxc4 Nb6 10. Bb3 Bd7 11. e4 c5 12. dxc5 Bxc5 13. 0-0 Rc8 14. Rad1 Qe7 15. a3 Bc6 16. Ba2 a5 17. Bb1 Nh5 18. Bd6 Bxd6 19. e5 g6 20. exd6 Qf6 21. Nd4 Rfd8 22. Qb3 Nd5 23. Nxc6 bxc6 24. Ne4 Qe5 25. Rfe1 Rb8 26. Qa4 Qxb2 27. Qxa5 Nhf6 28. Nxf6+ Qxf6 29. Qc5 Qc3 30. Qxc3 Nxc3 31. Rc1 Rb3 32. Re3 Rxd6 33. Be4 Rxa3 34. Kf1 Nb5 35. Rxa3 Nxa3 36. Bxc6 Rd4 37. g3 Nc4 38. h4 Kg7 39. Ke2 Ne5 40. Rc5 Kf6 41. f4 Nc4 42. Bb5 Nd6 43. Bd3 Ra4 44. Rc6 Ke7 45. Rc7+ Kd8 46. Rc5 h5 47. Ke3 Ra3 48. Ke2 Ke7 49. Re5 Rb3 50. Ra5 Kf6 51. Rc5 Ra3 52. Re5 Nb7 53. Rb5 Na5 54. Re5 Nb3 55. Bb1 Nd4+ 56. Kf2 Rb3 57. Re1 Nf5 58. Bxf5 Kxf5 59. Re5+ Kg4 60. Rg5+ Kh3 0-1

[Event "POR-ch"]
[Site "Odivelas"]
[Date "2020.09.14"]
[Round "9"]
[White "Reis, Luis Sousa"]
[Black "Fernandes, Antonio ETG"]
[Result "1/2-1/2"]
[WhiteElo "2154"]
[BlackElo "2359"]
[PlyCount "62"]
[EventDate "2020.09.07"]
[EventType "tourn"]
[EventRounds "9"]
[EventCountry "POR"]
[EventCategory "2"]
[SourceTitle "CBM 198 Extra"]
[Source "ChessBase"]
[SourceDate "2020.11.30"]
[SourceVersion "1"]
[SourceVersionDate "2020.11.30"]
[SourceQuality "1"]

1. e4 c5 2. Nf3 d6 3. d4 cxd4 4. Nxd4 Nf6 5. Nc3 e6 6. g4 Nc6 7. g5 Nd7 8. Be3 a6 9. Qd2 Qc7 10. 0-0-0 b5 11. f4 Bb7 12. a3 Nc5 13. Bxb5 axb5 14. Ndxb5 Qd8 15. Qf2 Qa5 16. Nxd6+ Bxd6 17. Rxd6 Na4 18. Nxa4 Qxa4 19. Rhd1 0-0 20. Rd7 Rab8 21. Bc5 Rfd8 22. Rxd8+ Nxd8 23. Rd4 Qe8 24. e5 Nc6 25. Rd3 Ne7 26. Bxe7 Qxe7 27. Qb6 Rc8 28. Rd4 Bd5 29. c3 f6 30. gxf6 gxf6 31. exf6 Qf7 1/2-1/2

[Event "POR-ch"]
[Site "Odivelas"]
[Date "2020.09.12"]
[Round "7"]
[White "Dias, Paulo Jorge Guimara"]
[Black "Reis, Luis Sousa"]
[Result "1-0"]
[WhiteElo "2341"]
[BlackElo "2154"]
[PlyCount "137"]
[EventDate "2020.09.07"]
[EventType "tourn"]
[EventRounds "9"]
[EventCountry "POR"]
[EventCategory "2"]
[SourceTitle "CBM 198 Extra"]
[Source "ChessBase"]
[SourceDate "2020.11.30"]
[SourceVersion "1"]
[SourceVersionDate "2020.11.30"]
[SourceQuality "1"]

1. e4 Nc6 2. Nf3 e5 3. Bb5 a6 4. Ba4 Nf6 5. 0-0 b5 6. Bb3 Be7 7. Re1 0-0 8. d4 Nxd4 9. Nxd4 exd4 10. e5 Ne8 11. Qxd4 c5 12. Qe4 Rb8 13. c4 Bb7 14. Qe2 d6 15. Bf4 bxc4 16. Bxc4 d5 17. Rd1 Nc7 18. Bg3 Ne6 19. Bd3 Qb6 20. b3 Qb4 21. Nd2 a5 22. Rac1 a4 23. Rb1 axb3 24. Rxb3 Qa5 25. Rdb1 Nd4 26. Bxh7+ Kxh7 27. Qd3+ Kg8 28. Rxb7 Rxb7 29. Rxb7 Bg5 30. Nf3 Nxf3+ 31. gxf3 Qxa2 32. Qf5 Bh6 33. Rc7 Qc4 34. e6 fxe6 35. Qxe6+ Kh7 36. Qd6 Ra8 37. Qe5 Qc1+ 38. Kg2 Qg5 39. Rxc5 Qxe5 40. Bxe5 Rd8 41. Bd4 Kg6 42. Rc7 Kf5 43. h4 Rd6 44. Kf1 Kg6 45. Kg2 Kf5 46. Re7 Rd8 47. Re5+ Kg6 48. Kg3 Kf7 49. Kg4 g6 50. Re1 Ra8 51. Bc5 Ra4+ 52. Kh3 Rc4 53. Bd6 Rc6 54. Be5 Re6 55. Kg4 Ra6 56. f4 Bf8 57. Rc1 Bd6 58. Rc8 Ke6 59. Re8+ Kf7 60. Rd8 Ke6 61. Rxd6+ Rxd6 62. Bxd6 Kxd6 63. f5 gxf5+ 64. Kxf5 Kc5 65. h5 d4 66. Ke4 Kc4 67. h6 d3 68. Ke3 Kc3 69. h7 1-0

[Event "POR-ch"]
[Site "Odivelas"]
[Date "2020.09.10"]
[Round "5"]
[White "Veiga, Jose Francisco RP"]
[Black "Reis, Luis Sousa"]
[Result "1-0"]
[WhiteElo "2344"]
[BlackElo "2154"]
[PlyCount "105"]
[EventDate "2020.09.07"]
[EventType "tourn"]
[EventRounds "9"]
[EventCountry "POR"]
[EventCategory "2"]
[SourceTitle "CBM 198 Extra"]
[Source "ChessBase"]
[SourceDate "2020.11.30"]
[SourceVersion "1"]
[SourceVersionDate "2020.11.30"]
[SourceQuality "1"]

1. e4 e5 2. Nf3 Nc6 3. Bb5 f5 4. Nc3 fxe4 5. Nxe4 Nf6 6. Nxf6+ Qxf6 7. 0-0 Be7 8. Qe2 0-0 9. Bxc6 dxc6 10. Qxe5 Bg4 11. Re1 Bxf3 12. Qxe7 Qg6 13. Qe6+ Qxe6 14. Rxe6 Bd1 15. c4 Rfe8 16. Re3 Rad8 17. d4 Kf7 18. Rxe8 Rxe8 19. Be3 Be2 20. Rc1 Ke6 21. f3 b5 22. cxb5 Bxb5 23. Bf4 Kd7 24. Be5 g6 25. Kf2 a6 26. Ke3 a5 27. a4 Bxa4 28. Ra1 Bc2 29. Rxa5 Rb8 30. Kd2 Bf5 31. Kc3 Rb7 32. Ra8 h5 33. h3 Be6 34. b4 Bd5 35. Bg7 Ke6 36. Bh6 Kf7 37. Bf8 Ke6 38. Bc5 Kf7 39. h4 Kf6 40. Rf8+ Kg7 41. Kd3 Ra7 42. Rc8 Ra2 43. Rxc7+ Kf6 44. Rd7 Rb2 45. Kc3 Rxg2 46. Rd6+ Kf5 47. b5 Bxf3 48. bxc6 Rg4 49. c7 Bb7 50. Rb6 Bc8 51. Rb8 Ba6 52. Kb4 Rg1 53. Ka5 1-0

[Event "POR-ch"]
[Site "Odivelas"]
[Date "2020.09.07"]
[Round "1"]
[White "Santos, Antonio Pereira"]
[Black "Reis, Luis Sousa"]
[Result "0-1"]
[WhiteElo "2160"]
[BlackElo "2154"]
[PlyCount "70"]
[EventDate "2020.09.07"]
[EventType "tourn"]
[EventRounds "9"]
[EventCountry "POR"]
[EventCategory "2"]
[SourceTitle "CBM 198 Extra"]
[Source "ChessBase"]
[SourceDate "2020.11.30"]
[SourceVersion "1"]
[SourceVersionDate "2020.11.30"]
[SourceQuality "1"]

1. d4 Nf6 2. c4 e6 3. Nf3 c5 4. d5 b5 5. Bg5 exd5 6. cxd5 h6 7. Bxf6 Qxf6 8. Qc2 Be7 9. e4 Qb6 10. a4 b4 11. Nbd2 0-0 12. Nc4 Qc7 13. Bd3 d6 14. 0-0 Nd7 15. Rad1 Ba6 16. Ne3 Bxd3 17. Qxd3 Bf6 18. Nc4 Rfe8 19. Rfe1 Nb6 20. Nxb6 axb6 21. b3 c4 22. bxc4 Bc3 23. Re2 Rxa4 24. Nh4 Ra3 25. Nf5 Be5 26. Qd2 Qxc4 27. f4 Bxf4 28. Qxf4 Qxe2 29. Rf1 Qxe4 30. Qxd6 Qe5 31. Qxb4 Ra1 32. Rxa1 Qxa1+ 33. Kf2 Qf6 34. Qf4 Qb2+ 35. Kg3 Qb3+ 0-1

[Event "Lisbon Portugal op"]
[Site "Lisbon"]
[Date "2020.01.26"]
[Round "3"]
[White "Reis, Luis Sousa"]
[Black "Taylor, Robert Graham"]
[Result "1-0"]
[WhiteElo "2187"]
[BlackElo "1844"]
[PlyCount "43"]
[EventDate "2020.01.25"]
[EventType "swiss"]
[EventRounds "9"]
[EventCountry "POR"]
[SourceTitle "EXT 2021"]
[Source "ChessBase"]
[SourceDate "2020.10.23"]
[SourceVersion "1"]
[SourceVersionDate "2020.10.23"]
[SourceQuality "1"]

1. e4 Nf6 2. e5 Nd5 3. Nc3 Nb6 4. d4 d6 5. f4 e6 6. Nf3 N8d7 7. a4 a5 8. Bd3 Nd5 9. Nxd5 exd5 10. Ng5 Nb6 11. 0-0 Be7 12. Nxh7 Rxh7 13. Bxh7 g6 14. f5 Bxf5 15. Rxf5 gxf5 16. Qh5 dxe5 17. dxe5 Bc5+ 18. Kf1 Nc4 19. e6 Ne5 20. Bf4 Qe7 21. Bxe5 0-0-0 22. Qxf7 1-0

[Event "Portuguese Masters"]
[Site "Cruz Quebrada"]
[Date "2019.08.16"]
[Round "5"]
[White "Reis, Luis Sousa"]
[Black "Fernandes, Miguel A Murtinho"]
[Result "1/2-1/2"]
[WhiteElo "2161"]
[BlackElo "2108"]
[PlyCount "44"]
[EventDate "2019.08.13"]
[EventType "tourn"]
[EventRounds "9"]
[EventCountry "POR"]
[SourceTitle "CBM 191 Extra"]
[Source "ChessBase"]
[SourceDate "2019.09.30"]
[SourceVersion "1"]
[SourceVersionDate "2019.09.30"]
[SourceQuality "1"]

1. e4 c6 2. c4 d5 3. exd5 cxd5 4. d4 Nf6 5. Nc3 e6 6. c5 Be7 7. b4 0-0 8. Nf3 b6 9. Bd3 a5 10. Na4 Nfd7 11. a3 axb4 12. axb4 e5 13. dxe5 bxc5 14. 0-0 Nc6 15. bxc5 Ndxe5 16. Nxe5 Nxe5 17. Bb2 Nxd3 18. Qxd3 Be6 19. Nb6 Rxa1 20. Bxa1 f6 21. Rd1 Bxc5 22. Nxd5 Qxd5 1/2-1/2

[Event "Portuguese Masters"]
[Site "Cruz Quebrada"]
[Date "2019.08.13"]
[Round "1"]
[White "Reis, Luis Sousa"]
[Black "Rodrigues, Afonso"]
[Result "1-0"]
[WhiteElo "2161"]
[BlackElo "2134"]
[PlyCount "93"]
[EventDate "2019.08.13"]
[EventType "tourn"]
[EventRounds "9"]
[EventCountry "POR"]
[SourceTitle "CBM 191 Extra"]
[Source "ChessBase"]
[SourceDate "2019.09.30"]
[SourceVersion "1"]
[SourceVersionDate "2019.09.30"]
[SourceQuality "1"]

1. d4 e6 2. e4 d5 3. Nc3 dxe4 4. Nxe4 Bd7 5. Nf3 Bc6 6. Bd3 Nd7 7. Bd2 Ngf6 8. Neg5 Bd6 9. Qe2 Bxf3 10. Nxf3 c6 11. 0-0-0 Nd5 12. Ne5 Bxe5 13. dxe5 Nc5 14. Bc4 0-0 15. Qg4 Kh8 16. Rhe1 b5 17. Bf1 a5 18. Bg5 Qc7 19. Rd4 Nd7 20. Qh5 Rg8 21. Rh4 Nf8 22. Bd3 f5 23. exf6 gxf6 24. Bh6 Ng6 25. Bxg6 Rxg6 26. Rxe6 Rag8 27. g3 Qf7 28. Rxc6 Nb4 29. Rb6 Qc7 30. Rxb4 Qxb6 31. Be3 Qe6 32. Rxb5 Qxa2 33. Rxa5 Qc4 34. Qb5 Qe4 35. Qd5 Qb4 36. Rb5 Qa4 37. Ra5 Qb4 38. Bd2 Qb6 39. Qc5 Qb7 40. Qd5 Qb6 41. Be3 Qb4 42. c3 Qb8 43. Ra7 R6g7 44. Ra6 Rd8 45. Qc6 Qe5 46. Qxf6 Qe8 47. Ra7 1-0

[Event "POR-chT3 final"]
[Site "Evora"]
[Date "2019.07.20"]
[Round "1.1"]
[White "Reis, Luis Sousa"]
[Black "Pereira, Ruben Miguel Nunes"]
[Result "0-1"]
[WhiteElo "2156"]
[BlackElo "2450"]
[PlyCount "78"]
[EventDate "2019.07.20"]
[EventType "team-tourn"]
[EventRounds "3"]
[EventCountry "POR"]
[SourceTitle "CBM 192 Extra"]
[Source "Chessbase"]
[SourceDate "2019.11.06"]
[SourceVersion "1"]
[SourceVersionDate "2019.11.06"]
[SourceQuality "1"]
[WhiteTeam "Portugal/Atlantidiagonal II"]
[BlackTeam "Estrelas S Joao de Brito"]
[WhiteTeamCountry "POR"]
[BlackTeamCountry "POR"]

1. e4 c5 2. Nf3 Nc6 3. Nc3 a6 4. d4 cxd4 5. Nxd4 e6 6. Nxc6 bxc6 7. Bd3 d5 8. 0-0 Nf6 9. Bg5 Be7 10. Qf3 h6 11. Bf4 0-0 12. Rfe1 a5 13. e5 Nh7 14. Qh5 Bg5 15. Bxh7+ Kxh7 16. Bxg5 Qxg5 17. Qxg5 hxg5 18. Na4 Rb8 19. b3 Kg6 20. c3 Rh8 21. Rad1 Rb5 22. Rc1 Kf5 23. f3 Rd8 24. g4+ Kg6 25. Kf2 Ba6 26. Kg3 Bb7 27. h4 gxh4+ 28. Kxh4 c5 29. c4 dxc4 30. Rxc4 Bxf3 31. Nxc5 Rd2 32. a4 Rb8 33. Kg3 Bd5 34. Rc3 Rb4 35. Rg1 Kg5 36. Kh3 Rb8 37. Kg3 Re2 38. Nd7 Rh8 39. Nb6 Reh2 0-1

[Event "POR CupT qf 41st"]
[Site "Carcavelos"]
[Date "2019.05.04"]
[Round "3.6"]
[White "Vinagre, Antonio Pedro"]
[Black "Reis, Luis Sousa"]
[Result "0-1"]
[WhiteElo "1883"]
[BlackElo "2130"]
[PlyCount "70"]
[EventDate "2019.04.04"]
[EventType "team-k.o."]
[EventRounds "6"]
[EventCountry "POR"]
[SourceTitle "CBM 190 Extra"]
[Source "ChessBase"]
[SourceDate "2019.07.15"]
[SourceVersion "1"]
[SourceVersionDate "2019.07.15"]
[SourceQuality "1"]
[WhiteTeam "Casa do Xadrez"]
[BlackTeam "Portugal/Atlantidiagonal"]
[WhiteTeamCountry "POR"]
[BlackTeamCountry "POR"]

1. e4 d5 2. exd5 Nf6 3. d4 Bg4 4. Be2 Bxe2 5. Qxe2 Qxd5 6. Nf3 e6 7. c4 Bb4+ 8. Nc3 Bxc3+ 9. bxc3 Qe4 10. Ba3 Nc6 11. Nd2 Qxg2 12. 0-0-0 Qh3 13. f3 0-0-0 14. Rhg1 g6 15. Rg3 Qh5 16. Rdg1 Qa5 17. Kb2 Qb6+ 18. Nb3 h6 19. Rb1 Nd7 20. Kc1 Qa6 21. Kb2 Nb6 22. Nd2 Na4+ 23. Kc2 Nxc3 24. Kxc3 Qxa3+ 25. Nb3 Rxd4 26. Rg4 Rhd8 27. Rxd4 Rxd4 28. Rb2 Qb4+ 29. Kc2 Qxc4+ 30. Kb1 Qxe2 31. Rxe2 Rd3 32. Rf2 Nd4 33. Nd2 Kd8 34. f4 Ke7 35. Ne4 b6 0-1

[Event "Lisbon Portugal op"]
[Site "Lisbon"]
[Date "2019.02.07"]
[Round "7"]
[White "Reis, Luis Sousa"]
[Black "Woithe, Daniel"]
[Result "1-0"]
[WhiteElo "2146"]
[BlackElo "1921"]
[PlyCount "51"]
[EventDate "2019.02.02"]
[EventType "swiss"]
[EventRounds "9"]
[EventCountry "POR"]
[SourceTitle "CBM 188 Extra"]
[Source "ChessBase"]
[SourceDate "2019.02.26"]
[SourceVersion "1"]
[SourceVersionDate "2019.02.26"]
[SourceQuality "1"]

1. d4 d5 2. c4 e6 3. Nc3 Nf6 4. Nf3 Be7 5. Bf4 0-0 6. e3 c5 7. dxc5 Bxc5 8. Qc2 Nc6 9. a3 d4 10. 0-0-0 e5 11. Nxe5 Qe8 12. Na4 Nxe5 13. Nxc5 dxe3 14. Bxe3 b6 15. Ne4 Nfg4 16. Bd4 Nc6 17. Bc3 Qe7 18. h3 Nge5 19. f4 Ng6 20. g3 Be6 21. Bd3 Na5 22. Nd2 f5 23. Rhe1 Qf7 24. Bxa5 bxa5 25. c5 Rac8 26. Rxe6 1-0

[Event "Lisbon Portugal op"]
[Site "Lisbon"]
[Date "2019.02.03"]
[Round "2"]
[White "Korley, Kassa"]
[Black "Reis, Luis Sousa"]
[Result "1-0"]
[WhiteElo "2426"]
[BlackElo "2146"]
[PlyCount "51"]
[EventDate "2019.02.02"]
[EventType "swiss"]
[EventRounds "9"]
[EventCountry "POR"]
[SourceTitle "CBM 188 Extra"]
[Source "ChessBase"]
[SourceDate "2019.02.26"]
[SourceVersion "1"]
[SourceVersionDate "2019.02.26"]
[SourceQuality "1"]

1. d4 Nc6 2. Nf3 d5 3. Bf4 Bg4 4. e3 e6 5. c4 Bd6 6. Bxd6 Qxd6 7. Nbd2 Nf6 8. Be2 e5 9. dxe5 Nxe5 10. Nxe5 Bxe2 11. Nxf7 Kxf7 12. Qxe2 d4 13. e4 Rhe8 14. 0-0 d3 15. Qe3 Rad8 16. Rae1 Kg8 17. f3 Qb4 18. Rb1 a5 19. a3 Qe7 20. Rfd1 Rd7 21. Nb3 Red8 22. Nc5 Rd4 23. Nxb7 d2 24. Nxd8 Qxd8 25. b3 Rd3 26. Qf2 1-0

[Event "Lisbon Portugal op"]
[Site "Lisbon"]
[Date "2019.02.02"]
[Round "1"]
[White "Reis, Luis Sousa"]
[Black "Dias, Jose Oliveira Gaspa"]
[Result "1-0"]
[WhiteElo "2146"]
[BlackElo "1560"]
[PlyCount "79"]
[EventDate "2019.02.02"]
[EventType "swiss"]
[EventRounds "9"]
[EventCountry "POR"]
[SourceTitle "EXT 2021"]
[Source "ChessBase"]
[SourceDate "2020.10.23"]
[SourceVersion "1"]
[SourceVersionDate "2020.10.23"]
[SourceQuality "1"]

1. e4 d5 2. exd5 Qxd5 3. Nc3 Qd6 4. Bc4 Nf6 5. Nf3 a6 6. Qe2 e6 7. d4 Be7 8. Bg5 0-0 9. 0-0-0 c6 10. Ne5 Nbd7 11. Bf4 Qb4 12. Nxf7 Nd5 13. Bd2 Qb6 14. Nd6 Rf6 15. Ne8 Qxd4 16. Bxd5 cxd5 17. Nc7 Rb8 18. N3xd5 Rxf2 19. Nxe7+ Kh8 20. Qxe6 Nf6 21. Nxc8 Qd8 22. Be3 Qxc7 23. Bxf2 Rxc8 24. Rd2 Re8 25. Bg3 Qa5 26. Qf7 Qg5 27. Rf1 Rg8 28. Bf4 Qc5 29. Bd6 Qg5 30. Bf4 Qc5 31. Rfd1 Qf5 32. g3 h6 33. Rd8 Rxd8 34. Rxd8+ Kh7 35. Qxb7 Qa5 36. Rd6 Qe1+ 37. Rd1 Qe6 38. Qb3 Qc6 39. Qd3+ Kg8 40. Qg6 1-0

[Event "POR-chT"]
[Site "Maia"]
[Date "2018.07.18"]
[Round "4.1"]
[White "Reis, Luis Sousa"]
[Black "Turcer, Dusan"]
[Result "1-0"]
[WhiteElo "2150"]
[BlackElo "2039"]
[PlyCount "124"]
[EventDate "2018.07.16"]
[EventType "team-tourn"]
[EventRounds "9"]
[EventCountry "POR"]
[SourceTitle "CBM 185 Extra"]
[Source "ChessBase"]
[SourceDate "2018.07.29"]
[SourceVersion "1"]
[SourceVersionDate "2018.07.29"]
[SourceQuality "1"]
[WhiteTeam "Portugal/Atlantidiagonal"]
[BlackTeam "Mata de Benfica"]
[WhiteTeamCountry "POR"]
[BlackTeamCountry "POR"]

1. e4 c5 2. Nc3 Nc6 3. f4 g6 4. Nf3 Bg7 5. Bb5 d6 6. Bxc6+ bxc6 7. 0-0 Nf6 8. d3 Bg4 9. Qe1 Bxf3 10. Rxf3 Nd7 11. b3 Rb8 12. Bb2 Qa5 13. e5 dxe5 14. Na4 Qc7 15. Re3 f6 16. fxe5 fxe5 17. Rf3 Bf6 18. Bc3 0-0 19. Qe4 Qd6 20. Re1 Rb4 21. Bxb4 cxb4 22. Kh1 Kg7 23. Nb2 Nb6 24. Nc4 Nxc4 25. Qxc4 a5 26. Qa6 Qc5 27. Qc4 Qd5 28. Rfe3 Rd8 29. Re4 Rd7 30. h3 Rb7 31. Qa6 Qb5 32. Qxb5 cxb5 33. Kg1 Rc7 34. R1e2 Rc5 35. Kf1 h5 36. g3 Kf7 37. Ke1 Kg7 38. Kd1 Kf7 39. h4 Kg7 40. Rh2 Kf7 41. g4 hxg4 42. Rxg4 Rc8 43. Rhg2 Rh8 44. Rxg6 Rxh4 45. Rg8 e4 46. R8g4 exd3 47. Rxh4 dxc2+ 48. Rxc2 Bxh4 49. Rc5 e6 50. Rxb5 Bd8 51. Rb8 Ke7 52. Ke2 Bc7 53. Ra8 Kd6 54. Kd3 Ke5 55. Rc8 Bb6 56. Kc4 Kd6 57. Kb5 Bc7 58. Rxc7 Kxc7 59. Kxa5 Kc6 60. Kxb4 Kd5 61. Kc3 Ke4 62. a4 Kd5 1-0

[Event "POR-chT"]
[Site "Maia"]
[Date "2018.07.16"]
[Round "1.4"]
[White "Reis, Luis Sousa"]
[Black "Eggert, Alberto"]
[Result "0-1"]
[WhiteElo "2150"]
[BlackElo "2142"]
[PlyCount "56"]
[EventDate "2018.07.16"]
[EventType "team-tourn"]
[EventRounds "9"]
[EventCountry "POR"]
[SourceTitle "CBM 185 Extra"]
[Source "ChessBase"]
[SourceDate "2018.07.29"]
[SourceVersion "1"]
[SourceVersionDate "2018.07.29"]
[SourceQuality "1"]
[WhiteTeam "Portugal/Atlantidiagonal"]
[BlackTeam "Amadora"]
[WhiteTeamCountry "POR"]
[BlackTeamCountry "POR"]

1. d4 Nf6 2. c4 e6 3. Nc3 Bb4 4. Qc2 c5 5. e3 Nc6 6. Nf3 d5 7. a3 Bxc3+ 8. bxc3 0-0 9. Bb2 Re8 10. Be2 dxc4 11. Bxc4 Na5 12. Be2 Bd7 13. 0-0 Rc8 14. Ne5 cxd4 15. exd4 Bc6 16. Nxc6 Nxc6 17. Qa4 Qa5 18. Bb5 Qxa4 19. Bxa4 Red8 20. Bxc6 Rxc6 21. a4 Ne4 22. Rfc1 Rdc8 23. Ra3 Nd2 24. f3 Rb6 25. Ba1 Kf8 26. Kf2 Ke7 27. Ke2 Nb3 28. Rb1 Nxd4+ 0-1